Dinosaur Taxonomy - Statistics

General Stats
  • This quiz has been taken 75 times
  • The average score is 7 of 25
Answer Stats
Hint Answer % Correct
Tyrant Lizard Tyrannosaurus
94%
Stiff or Fused Lizard Ankylosaurus
69%
Thick-Headed Lizard Pachycephalosaurus
65%
Thick-Nosed Lizard Pachyrhinosaurus
54%
Iguanodon Iguana Tooth
52%
Tiny Thick-Headed Lizard Micropachycephalosaurus
48%
Lizard Crest Saurolophus
43%
Giant Duck Anatotitan
31%
Chambered Lizard Camarasaurus
31%
Thanos Death/Thanos
31%
Neovenator New Hunter
30%
Eotyrannus Dawn Tyrant
28%
Drinker Drinker
26%
Lizard God of Earthquakes Sauroposeidon
26%
Dracopelta Dragon Shield
22%
Short-Crested Lizard Brachylophosaurus
15%
Dawn Shark Eocarcharia
13%
Dryosaurus Oak Lizard
13%
Dragon From Pant-y-ffynnon Pantydraco
13%
Aerosteon Air Bone
11%
Thanos _______ Simonattoi
7%
Thanos _______ Simonattoi
7%
Thanos _______ Simonattoi
7%
Flesh Thief Sarcolestes
6%
Before the Thunder Antetonitrus
4%
No matching quizzes found
Score Distribution
Percent of People with Each Score
Percentile by Number Answered
Your Score History
You have not taken this quiz